01602nam a2200373Ia 4500001001200000003000800012006001900020007001500039008004100054010001700095020001800112020002200130020002800152040002100180035002000201050002600221100002900247245010400276260004800380300002600428504006600454533015200520650006600672650006600738650005700804650004900861650003700910650004600947651004600993655002901039710001701068856012601085999001701211ebr10279106CaPaEBRm u cr cn|||||||||920225s1993 nyuab sb 001 0 eng d z 92009377  z9780195092653 z0195092651 (pbk.) z0195075919 (alk. paper) aCaPaEBRcCaPaEBR a(OCoLC)7256714114aPE3101.N7bA45 1993eb1 aAllen, Irving L.,d1931-14aThe city in slangh[electronic resource] :bNew York life and popular speech /cIrving Lewis Allen. aNew York :bOxford University Press,c1993. a307 p. :bill., maps. aIncludes bibliographical references (p. 275-287) and indexes. aElectronic reproduction.bPalo Alto, Calif. :cebrary,d2009.nAvailable via World Wide Web.nAccess may be limited to ebrary affiliated libraries. 0aEnglish languagexSpoken EnglishzNew York (State)zNew York. 0aEnglish languagexSocial aspectszNew York (State)zNew York. 0aEnglish languagezNew York (State)zNew YorkxSlang. 0aPopular culturezNew York (State)zNew York. 0aCity and town lifevTerminology. 0aAmericanismszNew York (State)zNew York. 0aNew York (N.Y.)xSocial life and customs. 7aElectronic books.2local2 aebrary, Inc.40uhttp://site.ebrary.com/lib/rucke/Doc?id=10279106zAn electronic book accessible through the World Wide Web; click to view c19309d19309